| 000 | 00393nam a22001577a 4500 | ||
|---|---|---|---|
| 999 |
_c9262 _d9262 |
||
| 003 | OSt | ||
| 008 | 201119b ||||| |||| 00| 0 eng d | ||
| 020 | _a9788177096057 | ||
| 100 | _aSanyal, S.N. | ||
| 245 | _aReactions, Rearrangements and Reagents | ||
| 250 | _aRev. | ||
| 260 |
_aNew Delhi _bBharati Bhawan Publishers _c2019 |
||
| 300 | _a273 | ||
| 650 | _aB.Sc Non Medical | ||
| 942 |
_2ddc _cBK |
||